000 01258cam a2200289 a 4500
999 _c2471
_d2471
001 2363023
003 OSt
005 20230602125940.0
008 220606s2017 xnaa b 000 0 eng d
020 _a9780143503118
_q(pbk.) :
040 _aAU@
_beng
_cAU@
_dOCLCO
_dOCLCF
_dOCLCA
_dNZHWP
_dOCL
_dOCLCQ
_dOCLCO
_dOCL
_dYDX
_dYDXIT
_dOCLCO
_dTCPL
_dKH8
_eaacr2
042 _anbic
043 _aa-cc---
_au-at---
082 0 _a792.8028092 LI
100 1 _aLi, Cunxin,
_d1961-
_eauthor
245 1 4 _aThe peasant prince /
_cLi Cunxin ; illustrated by Anne Spudvilas.
260 _aNorth Sydney, N.S.W. :
_bPenguin Random House Australia,
_c2017.
300 _a[40] p. :
_bcol. ill. ;
_c29 cm.
520 _aIn a poor village in northern China, a small boy is chosen to be trained as a world-class ballet dancer But this will take him far away from his family and home, is he brave enough to follow his dreams?
600 1 0 _aLi, Cunxin,
_d1961-
650 0 _aBallet dancers
_zChina
_vBiography
_vJuvenile literature.
650 0 _aDefectors
_zChina
_vBiography
_vJuvenile literature.
650 0 _aBallet dancers
_zAustralia
_vBiography
_vJuvenile literature.
650 0 _aPicture books for children.
700 1 _aSpudvilas, Anne,
_d1951-
_eIllustrator
942 _2ddc
_cNFIC